|
|
|
|
| LEADER |
01202nam a2200277 a 4500 |
| 001 |
4769147 |
| 008 |
100818r19871986enka b 101 0 eng d |
| 010 |
|
|
|a 86008262
|
| 020 |
|
|
|a 0407003479
|
| 040 |
|
|
|a DLC
|c DLC
|d DLC
|d BD-DhAAL
|
| 082 |
0 |
0 |
|a 636.5/0852
|2 19
|
| 245 |
0 |
0 |
|a Nutrient requirements of poultry and nutritional research /
|c edited by C. Fisher, K.N. Boorman.
|
| 260 |
|
|
|a London ;
|a Boston :
|b Butterworths,
|c 1986.[Reprinted 1987]
|
| 300 |
|
|
|a 224 p. :
|b ill. ;
|c 24 cm.
|
| 490 |
|
0 |
|a Poultry science symposium ;
|v no. 19
|
| 500 |
|
|
|a "Proceedings of the 19th Poultry Science Symposium ... held in Edinburgh in September 1984"--Pref.
|
| 504 |
|
|
|a Includes bibliographies and index.
|
| 541 |
1 |
|
|e 00004272
|
| 650 |
|
0 |
|a Poultry
|x Feeding and feeds
|x Congresses.
|
| 650 |
|
0 |
|a Poultry
|x Feeding and feeds
|x Research
|x Congresses.
|
| 700 |
1 |
|
|a Fisher, C.
|
| 700 |
1 |
|
|a Boorman, K. N.
|
| 711 |
2 |
|
|a Poultry Science Symposium
|n (19th :
|d 1984 :
|c Edinburgh, Scotland)
|
| 852 |
4 |
|
|a Ayesha Abed Library
|j General shelf
|
| 999 |
|
|
|c 9212
|d 9212
|
| 952 |
|
|
|0 0
|1 0
|2 ddc
|4 0
|6 636_508520000000000_NUT
|7 0
|9 11636
|a BRACUL
|b BRACUL
|c GEN
|d 2010-08-18
|g 4735.50
|l 0
|o 636.50852 NUT
|p 3010004272
|r 2010-08-18
|t 1
|w 2010-08-18
|y BK
|